ALL Olivia Rodrigo Songs - Statistics

General Stats
  • This quiz has been taken 12 times
  • The average score is 28 of 52
Answer Stats
Hint Answer % Correct
G5 Drop Dead
100%
G4 Ballad of a Homeschooled Girl
90%
G3 Traitor
90%
G4 Vampire
90%
G3 1 Step Forward, 3 Steps Back
80%
G4 All-American Bitch
80%
G4 Bad Idea Right?
80%
G3 Brutal
80%
G3 Deja Vu
80%
G3 Drivers License
80%
G3 Favorite Crime
80%
G4 Get Him Back!
80%
G4 Girl I've Always Been
80%
G3 Good 4 U
80%
G4 Obsessed
80%
G4 Pretty Isn't Pretty
80%
G4 Scared of My Guitar
80%
G4 So American
80%
G2 All I Want
70%
G3 Happier
70%
G3 Hope Ur Ok
70%
G3 Jealousy, Jealousy
70%
G4 Logical
70%
G4 Love Is Embarassing
70%
G4 The Grudge
70%
G6 Can't Catch Me Now
60%
G3 Enough For You
60%
G4 Lacy
60%
G4 Making the Bed
60%
G4 Stranger
60%
G4 Teenage Dream
50%
G2 The Rose Song
50%
G1 Blobfish
40%
G2 Wondering
40%
G1 Bizaardvark Theme Song
30%
G1 Love the Haters
30%
G1 The Comeback Song
30%
G2 Even When/The Best Part
20%
G2 Granted
20%
G2 I Think I Kinda You Know
20%
G2 Out of the Old
20%
G2 Start of Something New
20%
G2 Bop to the Top
10%
G2 Born to be Brave
10%
G2 Breaking Free
10%
G2 Just for a Moment
10%
G2 River
10%
G2 Second Chance
10%
G6 The Book of Love (cover)
10%
G2 What I've Been Looking For
10%
G2 YAC Alma Mater
10%
G2 You Never Know
10%
No matching quizzes found
Score Distribution
Percent of People with Each Score
Percentile by Number Answered
Your Score History
You have not taken this quiz